=LDR 00000nam 2200000 4500 =001 INLIS000000000042074 =005 20130612151554 =008 ***********************************ind** =035 ##$$0010-061300000042074 =041 ##$$a ind =082 ##$$a 133.9 =090 ##$$a 133.9, Tan t =100 ##$$a Taufik Pasiak =245 ##$$a Tahun dalm otak manusia, Mewujudkan kesehatan spiritual berdasarkan neurosains, Taufik pasiak =260 ##$$a 2012 $b Bandung =300 ##$$a Xxxviii,473 hlm., 24 hlm =650 ##$$a SPRITUAL =850 ##$$a NBPNMAT